000 00538nam a2200181Ia 4500
005 20250508151825.0
008 008 250505s9999 xx 000 0 eng d
037 _aReference
040 _aFEDL
_beng
_cFEDL
041 _aeng
_2eng
084 _a372.2412, LAN
_qFEDL
100 _aLandreth Catherine
_9760083
245 0 _aEducation of the young child : A nursery school manual
260 _aNew York, USA
_bJohn Wiley and Sons
_c1942
300 _a279p.
942 _cREF
_h372.2412, LAN
999 _c1332329
_d1332329